Chế độ kế toán doanh nghiệp

Сохранить в:
Библиографические подробности
Соавтор: Bộ Tài Chính
Формат:
Язык:Undetermined
Опубликовано: Hà Nội Tài chính 2006
Предметы:
Метки: Добавить метку
Нет меток, Требуется 1-ая метка записи!
Thư viện lưu trữ: Trung tâm Học liệu Trường Đại học Cần Thơ
LEADER 00531nam a2200193Ia 4500
001 CTU_101174
008 210402s9999 xx 000 0 und d
020 |c 100000 
082 |a 657.7 
082 |b B450/Q.2 
110 |a Bộ Tài Chính 
245 0 |a Chế độ kế toán doanh nghiệp 
245 0 |c Bộ Tài Chính 
260 |a Hà Nội 
260 |b Tài chính 
260 |c 2006 
650 |a Managerial accounting 
904 |i Minh 
980 |a Trung tâm Học liệu Trường Đại học Cần Thơ